Migration and Social change/ (Record no. 197882)

MARC details
000 -LEADER
fixed length control field 00574nam a22002057a 4500
001 - CONTROL NUMBER
control field ENG-137993
003 - CONTROL NUMBER IDENTIFIER
control field dpl
005 - DATE AND TIME OF LATEST TRANSACTION
control field 20230906144907.0
008 - FIXED-LENGTH DATA ELEMENTS--GENERAL INFORMATION
fixed length control field 230906b |||||||| |||| 00| 0 eng d
010 ## - LIBRARY OF CONGRESS CONTROL NUMBER
LC control number EN-121525
020 ## - INTERNATIONAL STANDARD BOOK NUMBER
International Standard Book Number 9789381234952
040 ## - CATALOGING SOURCE
Transcribing agency DBAD/PUB
082 ## - DEWEY DECIMAL CLASSIFICATION NUMBER
Edition number 2021
Classification number 304.80954
100 ## - MAIN ENTRY--PERSONAL NAME
Personal name Kumar, Pramod
9 (RLIN) 56005
245 ## - TITLE STATEMENT
Title Migration and Social change/
Medium English
Statement of responsibility, etc By Pramod Kumar
250 ## - EDITION STATEMENT
Edition statement First Edition
260 ## - PUBLICATION, DISTRIBUTION, ETC. (IMPRINT)
Place of publication, distribution, etc Delhi
Name of publisher, distributor, etc Ankit Publication
Date of publication, distribution, etc 2021
300 ## - PHYSICAL DESCRIPTION
Extent 216(p)
Dimensions 22cm.(Hb)
942 ## - ADDED ENTRY ELEMENTS (KOHA)
Source of classification or shelving scheme Dewey Decimal Classification
Koha item type English Books
Classification part 304.80954
Call number suffix PRA
Holdings
Withdrawn status Lost status Source of classification or shelving scheme Damaged status Not for loan Collection code Home library Current library Date acquired Source of acquisition Cost, normal purchase price Total Checkouts Full call number Barcode Date last seen Copy number Cost, replacement price Price effective from Koha item type
    Dewey Decimal Classification     Non-fiction Central Jail Tihar Central Jail Tihar 06/09/2023 DBAD/PUB 650.00   304.80954 PRA EN-121525 06/09/2023 1 650.00 06/09/2023 English Books

© Delhi Public Library
Hit Counter
free hit counter